000 00261 a2200109 4500
001 39687
090 _c24706
_d24706
100 _aKolman Bernard
245 _aCalculus for the management, life and social sciences, 2/e
250 _a2
260 _aNew York
_bH B J
_c1988
942 _aNUST-CAE
999 _c274760
_d274760